Corpus iuris civilis romani (Запис номер 161039)
[ съкратено ]
| 000 -Лидер | |
|---|---|
| Контролно поле с фиксирана дължина | nam a22 a 4500 |
| 003 - Код на организацията, давaща контролен номер | |
| Контролно поле | BLK |
| 005 - Дата и час на последна редакция | |
| Контролно поле | 20201027142811.0 |
| 008 - Елементи от данни с фиксирана дължина | |
| fixed length control field | 180410b bul|||||r ||||||| ||bul|| |
| 010 ## - Наследен системен номер | |
| LC control number | KNG00168342000 |
| 040 ## - Източник на каталожния запис | |
| Идентификатор на билиотеката - собственик на записа | BLK |
| 041 ## - Код за език | |
| Код за езика на текст/звукозапис или на отделно заглавие | Латински |
| Код за езика КДБФ | Други |
| 072 #7 - Код за тематичната категория | |
| Код организация | bullib |
| Код за тематична категория | Ц |
| Текст | Редки и ценни |
| 080 ## - УДК | |
| Текстов определител УДК | Гражданско право |
| УДК код - определител по УДК | 347 |
| УДК определител | (37)(094.4) |
| УДК - код + определител | 347(37)(094.4) |
| 139 ## - Редно поле | |
| Редна дума | Corpus iuris civilis romani |
| Авторски знак | Corp - C 81 |
| 245 10 - Сведения за заглавието | |
| Заглавие | Corpus iuris civilis romani |
| Подзаглавни данни | In quo Institutiones, digesta ad codicem florentinum emendata, codex item et novellae, necnon Justiniani adicta, Leonis et aliorum imperatorum novellae, canones apostolorum, feudorum libri, leges XII. tabb., |
| Редно поле (дума) | бел. Denis Godefroy; по изд. на Simon van Leeuwen. |
| 257 ## - Страна на издаване | |
| Страна на създаване/издаване | Германия |
| 260 ## - Област на издателските данни | |
| Име на издателя, разпространителя и проч. | Gleditsch |
| Година на издаване | 1720 |
| Място на издаване, разпространение и проч. | Лайпциг |
| 300 ## - Физическа характеристика | |
| Страници | 806 p. |
| Размери/Мащаб | 27 см |
| 380 ## - Жанр | |
| Жанр | Обществени науки |
| 490 ## - СЕРИИ (Колекции) | |
| 9 (RLIN) | 435080 |
| Име на серия | Колекция Редки и ценни издания |
| 500 ## - Общи забележки | |
| Забележка | Et allia ad jurisprudentiam ante-justinianeam pertinentia scripta, cum optimis quibusque editionibus collata, exhibentur |
| 650 #4 - Допълнително описание по предмет – тема | |
| Основно описание – тема или топоним | Гражданско право - Древен Рим |
| 9 (RLIN) | 335047 |
| 653 ## - Ключова дума – ненормативна | |
| Ключова дума | римско право |
| 653 ## - Ключова дума – ненормативна | |
| Ключова дума | гражданско право |
| 653 ## - Ключова дума – ненормативна | |
| Ключова дума | Древен Рим |
| 700 1# - Други автори (авторска отговорност) | |
| Лично име | Godefroy, Denis |
| Автороска отговорност (Описва отношението между автора и произведението) | бел. |
| 9 (RLIN) | 11331 |
| 700 1# - Други автори (авторска отговорност) | |
| Лично име | Leeuwen, Simon van |
| Автороска отговорност (Описва отношението между автора и произведението) | по изд. на |
| 9 (RLIN) | 16730 |
| 852 ## - Местоположение | |
| Форматна сигнатура | Рл 720 |
| Фондова буква | Редки и ценни |
| 856 4# - Електронен адрес и достъп | |
| Електронен формат | pdf - файл |
| 856 4# - Електронен адрес и достъп | |
| Електронен формат | pdf - файл |
| 999 ## - СИСТЕМНИ КОНТРОЛНИ НОМЕРА | |
| Koha biblionumber | 161039 |
| Koha biblioitemnumber | 161039 |
| 942 ## - АРТИКУЛИ | |
| Вид на библиотечния материал | Книги |
| Скрит в OPAC | Не |
| Периодичен библиозапис | Да |
| 944 ## - СЪЗДАВАНЕ И РЕДАКЦИЯ на ЗАПИСА | |
| Създаване/Редакция | Създаване |
| Дата на регистрацията/редакция | 04.12.2014 |
| Служител, извършил регистрацията/редакцията | Христина_Везирева |
| 944 ## - СЪЗДАВАНЕ И РЕДАКЦИЯ на ЗАПИСА | |
| Създаване/Редакция | Редакция |
| Дата на регистрацията/редакция | 04.12.2014 |
| Служител, извършил регистрацията/редакцията | Христина_Везирева |
| 999 ## - СИСТЕМНИ КОНТРОЛНИ НОМЕРА | |
| Koha biblioitemnumber | 161039 |
| Код за отписване | Код за изгубен артикул | Източник на класификационната схема | Код за повреда | Коз за рестрикции | Код за отдаване | Артикулен № | Име на библиотеката - собственик | Име на библиотеката, в която се намира в момента | Статус (Текущо местоположение) | Дата на вписване в системата | Местоположение - отдел | Цена в лева | Инвентарен номер | Систематично азбучна сигнатура | Баркод | Номер на екземпляра | Цена в евро | Служебна бележка | Служебен тип на артикула |
|---|---|---|---|---|---|---|---|---|---|---|---|---|---|---|---|---|---|---|---|
| Не е изгубен | Universal Decimal Classification | Не е повреден | само за читалня | Специални фондове ( старопечатни, редки и ценни, фонд М. Арнаудов) | 269178 | Регионална библиотека "Любен Каравелов" Русе | Регионална библиотека "Любен Каравелов" Русе | Редки и ценни | 1720-01-01 | Редки и ценни | 0.00 | 502-ст | Рл 720 | 900000037719 | 1 | 0.00 | Дост: DA Вид: Сф Дата: 01.01.1720 Дата инв: 14.12.2016 Бележки инв: Рц2016 | Книги |